| 000 | 01107cam a2200289 a 4500 | ||
|---|---|---|---|
| 999 |
_c26948 _d26948 |
||
| 001 | 208437 | ||
| 005 | 20170207094147.0 | ||
| 008 | 990625s1999 nyua 001 0 eng | ||
| 010 | _a 99073531 | ||
| 020 | _a0764152149 (pbk.) | ||
| 040 |
_aDLC _cDLC _dDLC |
||
| 041 | 1 |
_aeng _hita |
|
| 043 | _ae------ | ||
| 050 | 0 | 0 |
_aND182 _b.B3P46 1999 |
| 130 | 0 |
_aPittura barroca. _lEnglish. |
|
| 245 | 1 | 0 |
_aBaroque painting : _btwo centuries of masterpieces from the era preceding the dawn modern art / _c[editor, Stefano Zuffi ; iconographic research, texts by Francesca Castria ; English translation, Mark Eaton ... et al.] |
| 260 |
_aHauppauge, NY : _bBarron's, _cc1999. |
||
| 300 |
_a397 p. : _bcol. ill. ; _c24 cm. |
||
| 500 | _aIncludes index. | ||
| 650 | 0 | _aPainting, Baroque. | |
| 700 | 1 |
_aZuffi, Stefano, _d1961- |
|
| 942 |
_2lcc _cBOOKS _hND182 .B3P46 1999 |
||